000 01362 a2200277 4500
005 2008090400400.0
008 080904t xxu||||| |||| 00| 0 hin d
010 _aHIN-79944
020 _c100.00
_a8186919252
035 _aHN-52290
037 _bD.B.Act / pub
082 _a822
100 _aजोशी, हिमांशु
245 _aसु-राज तथा अन्य रेडियो नाटक
_cहिमांशु जोशी : रूपांतरित भारतरत्न भार्गव;रूपांतरित शैलेन्द्र
246 _aSu-raj Tatha anya radio natak
_bby Himanshu Joshi
260 _aदिल्ली
_bसाहित्य भारती
_c2005
270 _aके-71, कृष्ण नगर
_bदिल्ली
_e110051
300 _a115पृ
_c22 सेमी (सजिल्द)
500 _aसन 2001 में आई हुई है
650 _aहिन्दी नाटक
650 _aHindi Play
700 _aभार्गव, भारतरत्न
700 _aशैलेन्द्र
942 _adpl
_cHN
_k822 / जोशीहि
_2ddc
_h822
_mजोशीहि
999 _c4255
_d4255